000 01716nam a22002777i 4500
001 BINCO
003 CO-MdBIC
005 20240601232254.0
008 220428b2005 ck a|||| |||| 00| 0 spa d
020 _a9587042786
040 _a CO-MdBIC
_bspa.
_cCO-MdBIC
_d CO-MdBIC
041 _aspa
082 _223
_a860.809861
_bP784
100 _aPombo, Rafael,
_d1833-1912 ‎
245 _aPastorcita
_c/ Rafael Pombo ; illustrado por Alekos
250 _aPrimera edición
260 1 _aColombia :
_bAlfaguara,
_c[2005]
264 _c© 2005
300 _a26 paginas
_b; ilustraciones a color
_c, 24 cm.
490 _aNidos para la lectura
501 _a¿Quién no recuerda a Pastorcita, a Simón el bobito o a La pobre viejecita? Aquellos personajes de la tradición literaria anglosajona se arraigaron en nuestra infancia, gracias a las ingeniosas versiones que hizo para nuestra lengua el poeta colombiano Rafael Pombo y que marcaron un hito en la literatura infantil. Desde fines del siglo XIX, el humor y la frescura de Pastorcita han fascinado a muchas generaciones. Ahora, recreada con las imágenes de Alekos, un prestigioso ilustrador colombiano, regresa este clásico de la literatura, tan vigente y tan entrañable como siempre. Este libro conjuga el ritmo del lenguaje, la historia y las ilustraciones para que los padres compartan con sus hijos la magia de la poesía, el arrte de mirar y el placer de leer juntos. Pastorcita, un acertado diálogo entre ilustración, historia y poesía, recomendado para leer con los más pequeños, desde la primera infancia.
650 7 _9100
_aEducación infantil
650 7 _aLiteratura colombiana
_92518
700 _aAlekos
_eilustrador
942 _cLGB
999 _c67835
_d67835